000 00740nam a22001937a 4500
005 20230904163032.0
010 _aUR-12196
020 _c225.00
035 _aU-10751
037 _bDBAD/PUB
082 _a841
100 _aعبد القادر غیاث الد ین فاروقی
_955897
245 _aاردو شاعری اور تصوف :
_bتاریخ و تنقیدی جایزہ /
_cعبد القادر غیاث الد ین فاروقی
246 _aUrdu Shayri aur Tawwuf : Tarikhi wa Tanquidi Jaiza /
_bby Abdul Qadir Ghyasuddin Faruqui
260 _aHyderabad
_bMajlis-e-Ishaatul Uloom Jamia Nizamia
_c2009 ء
270 _aShibligunj
_bHyderabad
300 _a679 ص
_c22cm(Hb)
942 _2ddc
_cUR
_h841
_mع ب د
999 _c197823
_d197823